| 000 | 01260nam a2200337Ia 4500 | ||
|---|---|---|---|
| 008 | 250714s2023 sp 000 0 sspa d | ||
| 041 | _aspa | ||
| 111 | 2 |
_aDIA INTERNACIONAL DE LOS TRABAJADORES _d2023 _941432 |
|
| 245 | 0 | 0 |
_a1º de Mayo 2023 _b: subir salarios, bajar precios, repartir beneficios _c/ [CCOO y UGT] |
| 260 |
_a[Sevilla]: _bCCOO Andalucía: _bUGT Andalucía, _c[2023] |
||
| 300 |
_a[2] p. _c30 cm |
||
| 500 | _aManifiesto conjunto CCOO Andalucía y UGT Andalucía del 1º de Mayo de 2023 | ||
| 650 | 0 |
_aMOVIMIENTO OBRERO _9970 |
|
| 650 | 0 |
_aDERECHOS DE LOS TRABAJADORES _94 |
|
| 650 | 0 |
_aSINDICALISMO _9189 |
|
| 650 | 0 |
_aSALARIO _971 |
|
| 650 | 0 |
_aAUMENTO SALARIAL _93229 |
|
| 650 | 0 |
_aNEGOCIACION COLECTIVA _974 |
|
| 650 | 0 |
_aSALARIO MINIMO _9746 |
|
| 650 | 0 |
_aPRESTACIONES POR DESEMPLEO _963 |
|
| 650 | 0 |
_aREGIMEN DE PENSIONES _9347 |
|
| 650 | 0 |
_aDESEMPLEO _953 |
|
| 650 | 0 |
_aCONTROL DE LOS PRECIOS _916692 |
|
| 650 | 0 |
_aANDALUCIA _9516 |
|
| 650 | 0 |
_aCOMUNIDADES AUTONOMAS _9344 |
|
| 650 | 0 |
_aDIA INTERNACIONAL DE LOS TRABAJADORES _939791 |
|
| 710 | 2 |
_aUGT _bAndalucía _95136 |
|
| 710 |
_aCCOO _bAndalucía _925875 |
||
| 856 |
_zPDF _uhttps://docpublicos.ccoo.es/cendoc/071665PrimeroMayo2023ANDALUCIA.pdf |
||
| 942 |
_cDOCU_ELEC _2ddc _n0 |
||
| 999 |
_c62769 _d62769 |
||